000 00435nam a2200193Ia 4500
008 210210b1955 xxu||||| |||| 00| 0 eng d
041 _aeng
082 _a954/330
100 _aPRASAD (Ishwari)
245 _aLife and time of Humayun
260 _aBombay
_bOrient Longman Ltd
_c1955
650 _atime
650 _aof
650 _aLife
650 _aHumayun
650 _aand
690 _aIndian History
906 _a026090
999 _c152028
_d152028